| 000 | 01355nam a2200349 i 4500 | ||
|---|---|---|---|
| 999 |
_c65988 _d65988 |
||
| 001 | 768714001 | ||
| 003 | CO-MdFUSB | ||
| 005 | 20201126094242.0 | ||
| 007 | ta | ||
| 008 | 200602t1975 enka|||| |||| 00| 0 eng d | ||
| 020 | _a0874715512 | ||
| 040 |
_aCO-MdFUSB _bspa _cCO-MdFUSB _dCO-MdFUSBC _erda |
||
| 041 | _aeng | ||
| 082 |
_223 _a821.4 _bH536 |
||
| 100 |
_aHerbert, George, _eautor |
||
| 245 | 4 |
_aThe english poems of George Herbert _c/ George Herbert ; editado por C A Patrides |
|
| 264 |
_aLondres : _bRowman and Littlefield, _c[1975] |
||
| 300 |
_a247 páginas _c; 20 cm |
||
| 336 |
_2rdacontent _atexto _btxt |
||
| 337 |
_2rdamedia _asin mediación _bn |
||
| 338 |
_2rdacarrier _avolumen _bnc |
||
| 490 | _aRowman and Littlefield university library. | ||
| 505 | _aPara el lector -Un resumen de la vida de Herbert - Una corona de alabanza: la poesía de Herbert -Una nota sobre tipología - El Templo. El pórtico de la iglesia - La iglesia - La iglesia militante -Apéndices. Poemas no incluidos en El Templo - Tres versiones de un poema de Herbert - Algunos poemas seculares parodiados por Herbert. | ||
| 563 | _aRústico | ||
| 650 | 7 |
_9101 _aPoética |
|
| 653 | _aPoesía inglesa. | ||
| 653 | _aPoesía cristiana. | ||
| 700 |
_94097 _aPatrides, C. A. _eeditor |
||
| 942 | _cBK | ||
| 945 | _aJTF-925 | ||